000 00288nam a2200121Ia 4500
005 20251222175916.0
008 251222s9999||||xx |||||||||||||| ||spa||
020 _a8423989755
082 _a332.6/A64
100 _aAparicio, Luis
245 0 _aAprenda a Invertir sus Ahorros
942 _cLIB
999 _c40481
_d40481